الدول الاقل نموا فى النظام التجارى الدولى متعدد الاطراف/ (رقم التسجيلة. 112397)

تفاصيل مارك
000 -LEADER
fixed length control field 016600000a22003130004500
003 - CONTROL NUMBER IDENTIFIER
control field EG-GiCUC
008 - FIXED-LENGTH DATA ELEMENTS--GENERAL INFORMATION
fixed length control field 090516s2003 le g 100 0 ara d
040 ## - CATALOGING SOURCE
Original cataloging agency EG-GiCUC
Language of cataloging ara
Transcribing agency EG-GiCUC
043 ## - GEOGRAPHIC AREA CODE
Geographic area code dd-----
092 04 - LOCALLY ASSIGNED DEWEY CALL NUMBER (OCLC)
Classification number 382.091724
Item number D987 2003
Edition number 21
099 ## - LOCAL FREE-TEXT CALL NUMBER (OCLC)
Classification number 04
-- 382.091724 D987 2003
245 02 - TITLE STATEMENT
Title الدول الاقل نموا فى النظام التجارى الدولى متعدد الاطراف/
Statement of responsibility, etc. اشرف شمس الدين
260 ## - PUBLICATION, DISTRIBUTION, ETC.
Place of publication, distribution, etc. بيروت:لبنان:
Name of publisher, distributor, etc. اسكوا:
Date of publication, distribution, etc. 2003
300 ## - PHYSICAL DESCRIPTION
Extent 23ص؛
Dimensions 24سم
440 #0 - SERIES STATEMENT/ADDED ENTRY--TITLE
Title اوراق موجزة؛
Volume/sequential designation 5
500 ## - GENERAL NOTE
General note الاعداد للمؤتمر الوزارى الخامس لمنظمة التجارة العالمية(كانكون-المكسيك:10-14 ايلول/سبتمبر 2003
610 17 - SUBJECT ADDED ENTRY--CORPORATE NAME
Corporate name or jurisdiction name as entry element منظمة التجارة العالمية
Form subdivision مؤتمرات
Source of heading or term qrmak
650 #7 - SUBJECT ADDED ENTRY--TOPICAL TERM
Topical term or geographic name entry element الاتفاقيات التجارية
Geographic subdivision الدول النامية
Form subdivision مؤتمرات
Source of heading or term qrmak
651 #7 - SUBJECT ADDED ENTRY--GEOGRAPHIC NAME
Geographic name الدول النامية
General subdivision التجارة الخارجية
Form subdivision مؤتمرات
Source of heading or term qrmak
700 1# - ADDED ENTRY--PERSONAL NAME
Personal name شمس الدين : اشرف
710 2# - ADDED ENTRY--CORPORATE NAME
Corporate name or jurisdiction name as entry element الامم المتحدة .
Subordinate unit اللجنة الاقتصادية و الاجتماعية لغربى آسيا
710 2# - ADDED ENTRY--CORPORATE NAME
Corporate name or jurisdiction name as entry element البنك الدولى
710 2# - ADDED ENTRY--CORPORATE NAME
Corporate name or jurisdiction name as entry element منظمة التجارة العالمية
711 2# - ADDED ENTRY--MEETING NAME
Meeting name or jurisdiction name as entry element المؤتمر الوزارى لمنظمة التجارة العالمية
Number of part/section/meeting (الخامس:
Date of meeting or treaty signing 2003:
Location of meeting كانكون:المكسيك)
902 ## - LOCAL DATA ELEMENT B, LDB (RLIN)
No. of Items 1
905 ## - LOCAL DATA ELEMENT E, LDE (RLIN)
Cataloger جمال
Reviser مدخل
942 ## - ADDED ENTRY ELEMENTS (KOHA)
Source of classification or shelving scheme Dewey Decimal Classification
Koha item type Books
المقتنيات
Source of classification or shelving scheme Not for loan Home library Current library Date acquired Full call number Barcode Date last seen Copy number Koha item type
Dewey Decimal Classification   المكتبة المركزبة الجديدة - جامعة القاهرة قاعة الكتب - الدور الثاني 11.02.2024 382.091724 D987 2003 01000100120914000 23.09.2023 C.1 Books
Cairo University Libraries Portal Implemented & Customized by: Eng. M. Mohamady Contacts: new-lib@cl.cu.edu.eg | cnul@cl.cu.edu.eg
CUCL logo CNUL logo
© All rights reserved — Cairo University Libraries
CUCL logo
Implemented & Customized by: Eng. M. Mohamady Contact: new-lib@cl.cu.edu.eg © All rights reserved — New Central Library
CNUL logo
Implemented & Customized by: Eng. M. Mohamady Contact: cnul@cl.cu.edu.eg © All rights reserved — Cairo National University Library